Fundamental Cornerstones of Managerial Accounting. (Record no. 5595)

MARC details
005 - DATE AND TIME OF LATEST TRANSACTION
control field 20250627110949.0
020 ## - INTERNATIONAL STANDARD BOOK NUMBER
International Standard Book Number 978-0-324-37806-1
082 ## - DEWEY DECIMAL CLASSIFICATION NUMBER
Classification number 658.15 HEI
100 ## - MAIN ENTRY--PERSONAL NAME
Author name HEITGER, D. L.
245 ## - TITLE STATEMENT
Title Fundamental Cornerstones of Managerial Accounting.
260 ## - PUBLICATION, DISTRIBUTION, ETC.
Place of publication, distribution, etc. Australia,
Name of publisher, distributor, etc. Thomson South-Western,
Date of publication, distribution, etc. 2008.
300 ## - PHYSICAL DESCRIPTION
Extent xv, 651p.: ill.; picture
Other physical details Glossary & Index
Dimensions 28cm
700 ## - ADDED ENTRY--PERSONAL NAME
Other authors/Editors MOWEN, M. M. [...et al...]
942 ## - ADDED ENTRY ELEMENTS (KOHA)
Source of classification or shelving scheme Dewey Decimal Classification
Koha item type Books
Holdings
Date last seen Total checkouts Full call number Barcode Cost, replacement price Price effective from Koha item type Lost status Source of classification or shelving scheme Damaged status Not for loan Withdrawn status Home library Current library Shelving location Date acquired Cost, normal purchase price
06/27/2025   658.15 HEI DOM000250 150000.00 06/27/2025 Books   Dewey Decimal Classification       CBE Dodoma CBE Dodoma General Collection 06/27/2025 50000.00
06/27/2025   658.15 HEI DOM000222 150000.00 06/27/2025 Books   Dewey Decimal Classification       CBE Dodoma CBE Dodoma General Collection 06/27/2025 50000.00